[Event "Bergamo Open 2017"]
[Site "Bergamo"]
[Date "2017.07.14"]
[Round "4"]
[White "Vezzosi, Paolo"]
[Black "Bonade, Massimo"]
[Result "1-0"]
[WhiteElo "2332"]
[BlackElo "2116"]
[Annotator "TA"]
[PlyCount "47"]
[EventDate "2017.??.??"]
[EventCountry "ITA"]
[SourceTitle "playchess.com"]
[Source "ChessBase"]
[SourceQuality "1"]

{[%evp 23,47,30,41,47,46,40,38,44,53,-8,12,10,57,55,53,43,76,71,68,74,85,73,118,128,552,545]} 1. c4 c5 2. Nf3 Nc6 3. d4 cxd4 4. Nxd4 g6 5. e4 Bg7 6. Be3 Nf6 7. Nc3 d6 8. Be2 O-O 9. O-O Bd7 10. f4 Nxd4 11. Bxd4 Bc6 12. Bf3 Nd7 13. Bxg7 {B38: Sicilian: Maroczy Bind with 5...Bg7 and 7...0-0} Kxg7 14. Qe2 (14. Qd2 a5 15. Rad1 Qb6+ 16. Kh1 Rfd8 17. Nd5 Bxd5 18. exd5 Rac8 19. b3 a4 20. Qc3+ Kg8 {1-0 (31) Shirov,A (2714)-Leon Hoyos,M (2548) Khanty-Mansiysk 2011}) 14... Qb6+ 15. Kh1 {White is slightly better.} Rfe8 $146 ({Predecessor:} 15... e5 16. f5 Nf6 17. Rad1 Rad8 18. b3 a6 19. Qc2 Qc5 20. g4 h6 {½-½ (35) Kolanek,R (2191)-Schwarz,J (2315) ICCF email 2010}) 16. e5 (16. Rad1 $14) 16... Bxf3 17. Rxf3 Rac8 18. e6 fxe6 19. Qxe6 Nc5 20. Qe2 e6 21. Qd2 Rcd8 22. Re1 {Black must now prevent f5!} Kg8 23. Rfe3 {Hoping for f5!} a5 $2 {[%mdl 8192] [#]} (23... Rf8 $16 {is tougher.}) 24. Nd5 $1 {[%mdl 512] Precision: White = 82%, Black = 15%.} 1-0

[Event "Bergamo Open 2017"]
[Site "Bergamo"]
[Date "2017.07.14"]
[Round "4"]
[White "Lain, Luigi"]
[Black "Valsecchi, Alessio"]
[Result "1-0"]
[WhiteElo "2225"]
[BlackElo "2506"]
[Annotator "TA"]
[PlyCount "111"]
[EventDate "2017.??.??"]
[EventCountry "ITA"]
[SourceTitle "playchess.com"]
[Source "ChessBase"]
[SourceQuality "1"]

{[%evp 10,111,0,19,0,9,8,0,0,0,-7,-12,-16,-13,-12,-55,-47,-66,-46,-65,-43,-41,0,0,0,0,0,0,0,0,0,0,0,-45,-58,-64,-69,-61,-58,-68,-68,-77,-79,-73,-73,-64,-67,-72,-35,-38,-39,-39,-45,-63,-66,-66,-41,-67,-66,-70,-64,-67,-70,-126,-109,-143,-154,-152,-142,-150,-150,-176,-203,-199,-200,-195,-191,-175,-161,-143,-65,-65,-74,-78,0,0,32,37,54,56,70,0,0,41,164,164,1305,1316,1302,1308,12845,12846,12846,12847]} 1. d4 e6 2. c4 b6 3. e4 Bb4+ 4. Nc3 Bb7 5. Qc2 Qh4 6. Bd3 {[%cal Bf1d3,Bd3c2,Bc2a4][%mdl 32]} f5 {A40: Unusual replies to 1 d4} 7. Nf3 (7. g3 Qh5 8. Bd2 Nf6 9. f3 Nc6 10. Nb5 O-O 11. e5 a6 12. exf6 axb5 13. fxg7 Rfe8 14. Ne2 bxc4 15. Bxc4 Bxd2+ 16. Qxd2 Na5 17. Bb5 Nb3 18. Qe3 Nxa1 {0-1 (18) Vuckovic,B (2499)-Ivanisevic,I (2648) Belgrade 2014}) 7... Bxc3+ $1 8. Qxc3 Qg4 {The position is equal.} 9. O-O fxe4 10. Ne5 Qf5 11. Bc2 d6 $1 {[%cal Rd6e5]} 12. Ba4+ $146 (12. Nf3 $5) ({Predecessor:} 12. Nf3 Nf6 {0-1 (12) Harding,S (1622)-Dard,M (2193) LSS email 2011}) 12... c6 13. Qg3 dxe5 14. Qxg7 Nd7 15. Qxh8 O-O-O 16. Qg7 {Threatens to win with d5.} exd4 17. Qxd4 Nc5 18. Qg7 {Bg5 is the strong threat.} Nxa4 19. Bg5 Re8 $1 20. Rad1 Nc5 21. b4 Nd3 22. f3 {And now fxe4 would win.} Qe5 $1 {[%cal Re5g7]} 23. Qxe5 Nxe5 24. fxe4 Ba6 25. Rd4 Bxc4 26. Rfd1 {[#]} Ne7 $1 27. Bf6 N7g6 28. h4 Be2 ({But not} 28... Bxa2 $6 29. h5 $11) 29. Rd8+ Rxd8 30. Rxd8+ Kc7 {aiming for ...Nd7.} 31. Re8 Kd6 32. Rd8+ Nd7 $1 33. e5+ Kc7 34. Ra8 c5 35. Rxa7+ Kc6 36. Kf2 ({Better is} 36. h5 $15 Ngf8 37. Be7 Bxh5 38. Kf2) 36... Bd3 $17 37. bxc5 bxc5 38. Ke3 Ngxe5 39. Bxe5 Nxe5 40. g4 c4 41. Ra6+ Kd5 42. Ra5+ Kd6 43. Ra6+ Nc6 44. h5 {[%cal Bh4h5,Bh5h6][%mdl 32]} Kc5 ({Black should try} 44... h6 $17 {Strongly threatening ...e5.} 45. a4 e5) 45. g5 $1 $15 Bf5 46. Kd2 Nd4 {[#]} (46... e5 $17 47. Kc3 e4) 47. g6 $1 $11 {[%mdl 512]} hxg6 (47... Bxg6 $5 48. hxg6 hxg6 $14) 48. h6 Nf3+ 49. Kc3 {[%mdl 1024] White has compensation.} Ng5 $1 50. Ra7 Ne4+ 51. Kb2 c3+ (51... Ng5 $1 $14) 52. Kb3 $18 Nf6 $2 {[#]} (52... c2 53. h7 Kb6) 53. Rf7 $1 {White is clearly winning.} c2 54. Kb2 g5 55. Rxf6 Bd3 56. Rxe6 {Precision: White = 73%, Black = 63%.} 1-0

[Event "Bergamo Open 2017"]
[Site "Bergamo"]
[Date "2017.07.14"]
[Round "4"]
[White "Mina, N. Mina"]
[Black "Haimovich, Tal"]
[Result "1/2-1/2"]
[WhiteElo "2215"]
[BlackElo "2380"]
[Annotator "TA"]
[PlyCount "45"]
[EventDate "2017.??.??"]
[EventCountry "ITA"]
[SourceTitle "playchess.com"]
[Source "ChessBase"]
[SourceQuality "1"]

{[%evp 21,45,44,38,31,25,9,58,28,35,-31,-31,-29,-21,-41,5,9,23,16,14,-7,0,0,0,0,-9,0]} 1. e4 Nc6 2. Nf3 d6 3. d4 g6 4. Be3 Bg7 5. h3 e5 6. Nc3 exd4 7. Nxd4 Nf6 8. Qd2 O-O 9. O-O-O Re8 {B08: Pirc Defence: Classical System} (9... Nxd4 10. Bxd4 Be6 11. g4 c5 12. Bxf6 Bxf6 13. Kb1 b5 14. f4 b4 15. Nd5 Bg7 16. g5 a5 17. Bc4 a4 18. h4 a3 19. b3 Re8 20. Rdf1 Ra7 21. h5 f5 22. gxf6 Bxf6 23. hxg6 hxg6 24. f5 Bxd5 25. Bxd5+ {1-0 (25) Xiong,J (2550)-Kadric,D (2537) Dallas 2015}) 10. f3 Nxd4 11. Bxd4 Be6 {LiveBook: 3 Games. White is slightly better.} 12. g4 c5 13. Be3 Qa5 (13... d5 $5 {[%cal Rd5d4]} 14. Bxc5 dxe4 15. Qxd8 (15. fxe4 Qxd2+ 16. Kxd2 Bxa2 $11) 15... Rexd8 $11) 14. a3 $146 (14. Qxd6 Nd7 $11) ({Predecessor:} 14. Qxd6 Nxe4 15. fxe4 Bxc3 16. Qxc5 Bxb2+ 17. Kxb2 Qxa2+ {0-1 (26) Bescos Cortes,D (2305)-Garza Marco,S (2340) San Jose 1998}) 14... d5 {[%cal Bd6d5,Bd5d4][%mdl 32]} 15. e5 (15. exd5 $14 Nxd5 16. Nxd5 Qxd2+ 17. Rxd2 Bxd5 18. Rxd5 Rxe3 19. Bd3) 15... d4 $15 16. Nb5 Qb6 $1 17. Bh6 {[#] Threatens to win with Bxg7.} Nd5 18. Bxg7 $1 Kxg7 19. Nd6 Red8 {The position is equal.} 20. Bc4 Ne3 {[#] Hoping for ...Rxd6.} 21. Bxe6 fxe6 22. Rhe1 $1 Rxd6 ({Much less strong is} 22... Nxd1 23. Rxd1 Rxd6 24. exd6 $17) 23. Rxe3 $1 {Precision: White = 32%, Black = 70%.} 1/2-1/2

[Event "Bergamo Open 2017"]
[Site "Bergamo"]
[Date "2017.07.14"]
[Round "4"]
[White "Negro, Roberto"]
[Black "Brunello, Marina"]
[Result "0-1"]
[WhiteElo "2198"]
[BlackElo "2367"]
[Annotator "TA"]
[PlyCount "82"]
[EventDate "2017.??.??"]
[EventCountry "ITA"]
[SourceTitle "playchess.com"]
[Source "ChessBase"]
[SourceQuality "1"]

{[%evp 13,82,0,0,0,0,-18,8,-14,-18,-33,-31,-51,-35,-50,-36,-47,-48,-47,-34,-146,-141,-130,-106,-156,-152,-156,-166,-166,-163,-204,-123,-115,-101,-154,-152,-143,-38,-50,-39,-100,-85,-87,-61,-116,-114,-120,-120,-298,-277,-618,-620,-608,-299,-341,-339,-332,-314,-323,-299,-272,-84,-276,-279,-444,-439,-430,-221,-927,-916,-5387,-5365]} 1. Nf3 d5 2. b3 Bf5 3. Bb2 e6 4. e3 Nd7 5. Be2 h6 6. O-O Ngf6 7. d3 {A06: Réti Opening:1 Nf3 d5} (7. c4 c6 8. Nc3 Bd6 9. Rc1 a6 10. d3 O-O 11. Qd2 Qe7 12. Rfd1 Bh7 13. Qc2 e5 14. cxd5 cxd5 15. Qb1 {1-0 (49) Pridorozhni,A (2579)-Riazantsev,A (2651) Sochi 2016}) 7... Bd6 {LiveBook: 3 Games} 8. c4 O-O 9. Nbd2 {The position is equal.} Bg6 $146 ({Predecessor:} 9... Bh7 10. Qc1 Qe7 11. a3 c6 12. Qc3 Rfe8 13. Rfc1 a6 14. cxd5 exd5 {1-0 (46) Frank,V (2274)-Feletar,D (2376) Velika Gorica 2007}) 10. Rb1 Qe7 11. Bc3 a5 12. Re1 c6 13. Nf1 Bb4 14. Rc1 Rfd8 (14... Ba3 {looks sharper.} 15. Ra1 b5 16. Ng3 b4 17. Bd2 c5) 15. Qc2 e5 (15... a4 $5) 16. Bxb4 (16. Ng3 $15) 16... axb4 $17 (16... Qxb4 $6 17. Nh4 $11) 17. Ng3 Bh7 18. Nh4 dxc4 19. bxc4 Nc5 {[%cal Rh7d3]} 20. Nhf5 Qd7 21. d4 exd4 22. exd4 Ne6 $1 {[%cal Re6d4]} 23. Qb2 (23. Qb3 $142) 23... Nf4 ({But not} 23... Nxd4 24. Nxd4 Qxd4 25. Qxb4 $11) 24. Ne3 Qxd4 ({Black should try} 24... h5 $17 {aiming for ...h4.} 25. Rcd1 h4) 25. Qxb4 $15 Rxa2 {Strongly threatening ...Ne4.} 26. Red1 ({White should play} 26. Rcd1 $15 Rd2 27. Bf3) 26... Rd2 ({Not} 26... Nxe2+ 27. Nxe2 Qxd1+ 28. Rxd1 $16) 27. Bf1 Rd7 28. Qa5 (28. Ra1 $15 Be4 29. Qa5) 28... Bg6 $36 {[%mdl 2048] White is under strong pressure.} 29. Qa8+ Kh7 {Threatens to win with ...Ng4!} 30. Qc8 $2 (30. Rxd2 $17 Qxd2 31. Ra1) 30... Qb2 31. Ra1 $2 (31. h3) 31... Rxd1 $19 32. Rxd1 {[#]} Rxd1 (32... Ng4 $142 $1 {[%mdl 512]} 33. Nxg4 Rxd1) 33. Nxd1 Qd2 34. Ne3 Nd3 35. Bxd3 Bxd3 ({Weaker is} 35... Qxd3 36. Qxb7 Qc3 37. Qxc6 $17) 36. Ngf1 Qc1 $2 (36... Qe1 $19 {and Black stays clearly on top. And now ...b5 would win.} 37. h4 b5 38. cxb5 cxb5) 37. h3 $2 (37. Qxb7 $17 {was the only chance.} Bxf1 38. Nxf1 Qxc4 39. h3) 37... Qb1 38. g4 (38. c5 {keeps fighting.}) 38... b5 39. Qxc6 b4 (39... bxc4 $142 {White must now prevent ...Ne4.} 40. Qc5 {[#]} c3 $1 {[%mdl 512]} 41. Qxc3 Nd5 $1 {[%mdl 512]}) 40. Qb6 $2 (40. Qf3) 40... b3 41. c5 {[#]} Nd5 $1 {[%mdl 512] Precision: White = 19%, Black = 54%.} 0-1

[Event "Bergamo Open 2017"]
[Site "Bergamo"]
[Date "2017.07.14"]
[Round "5"]
[White "Ivanisevic, Ivan"]
[Black "Landa, Konstantin"]
[Result "1/2-1/2"]
[WhiteElo "2623"]
[BlackElo "2617"]
[Annotator "TA"]
[PlyCount "79"]
[EventDate "2017.??.??"]
[EventCountry "ITA"]
[SourceTitle "playchess.com"]
[Source "ChessBase"]
[SourceQuality "1"]

{[%evp 17,79,-25,-24,-26,0,0,0,-7,0,0,16,19,36,30,30,0,0,0,0,0,0,0,0,0,4,-80,-81,-64,-76,-136,-125,-114,-72,-68,0,-70,0,0,0,0,0,0,0,0,0,-18,0,0,0,0,0,0,0,0,0,0,0,0,0,0,0,0,0,0]} 1. e4 e5 2. Nf3 Nc6 3. d4 exd4 4. Nxd4 Nf6 5. Nxc6 bxc6 6. e5 Qe7 7. Qe2 Nd5 8. h4 a5 {C45: Scotch Game} (8... d6 9. c4 Nb6 10. exd6 Qxe2+ 11. Bxe2 cxd6 12. Nc3 Be6 13. b3 d5 14. cxd5 Nxd5 15. Bd2 Rd8 16. Ne4 {½-½ (48) Nepomniachtchi,I (2732)-So,W (2812) Leuven 2017}) 9. c4 Nb6 {LiveBook: 5 Games} 10. Nc3 a4 {Black has an edge.} 11. Bd2 Ba6 12. Qe4 Qe6 {[%cal Ra6c4]} 13. b3 axb3 $146 ({Predecessor:} 13... d5 14. exd6 cxd6 15. Be3 Qxe4 16. Nxe4 {½-½ (59) Van der Wiel,J (2550)-Wedberg,T (2475) Stockholm 1987}) 14. axb3 {Threatening Bd3.} Bb7 {[%cal Ba6b7,Bb7a8,Ba8g2][%mdl 32]} 15. Rxa8+ Bxa8 16. Bd3 {Black should prevent 0-0.} c5 17. Qe3 Bxg2 18. Nb5 Na8 $1 19. Rg1 Bc6 20. Na7 Bb7 21. Be4 (21. Bc3 $11 {keeps the balance.}) 21... Bxe4 $17 22. Qxe4 c6 $1 23. f3 {[#]} ({White should play} 23. Rg3) 23... g6 $1 24. Nc8 d5 25. exd6 Kd7 (25... Bg7 $15 26. Bf4 Kd7) 26. Bc3 ({Better is} 26. Qxe6+ $11 fxe6 27. Bc3) 26... Rg8 (26... Qxe4+ $15 27. fxe4 Rg8) 27. Qxe6+ $1 $11 {The position is equal.} fxe6 28. Ne7 $1 {[%cal Re7g8]} Bxe7 29. dxe7 Kxe7 {[%mdl 4096] Endgame KRB-KRN} 30. Kd2 Nb6 31. Ra1 (31. h5 $5) 31... Ra8 (31... Nd7 {seems wilder.} 32. Ra6 Kd6 33. f4 Rb8 34. Kc2 Rf8) 32. Rxa8 Nxa8 {KB-KN} 33. Ba5 Kd6 34. Ke3 Nc7 35. Bxc7+ Kxc7 36. Kf4 Kd6 37. Kg5 $1 {[%cal Rg5h6] [#] And now Kh6 would win.} Ke7 38. Kh6 Kf7 {Threatens to win with ...Kg8.} 39. Kxh7 {f4 is the strong threat.} e5 $1 40. Kh6 {Precision: White = 69%, Black = 64%.} 1/2-1/2

[Event "Bergamo Open 2017"]
[Site "Bergamo"]
[Date "2017.07.14"]
[Round "5"]
[White "Salgado Lopez, Ivan"]
[Black "Vezzosi, Paolo"]
[Result "1-0"]
[WhiteElo "2622"]
[BlackElo "2332"]
[Annotator "TA"]
[PlyCount "41"]
[EventDate "2017.??.??"]
[EventCountry "ITA"]
[SourceTitle "playchess.com"]
[Source "ChessBase"]
[SourceQuality "1"]

{[%evp 15,41,52,66,35,45,28,45,22,59,51,55,59,47,45,150,141,242,239,244,229,308,308,293,301,308,301,302,293]} 1. e4 d5 2. exd5 Qxd5 3. Nc3 Qa5 4. d4 Nf6 5. Nf3 Bg4 6. h3 Bxf3 7. Qxf3 c6 8. Bd2 Nbd7 {LiveBook: 45 Games} 9. Qg3 {B01: Scandinavian Defence} (9. O-O-O e6 10. g4 Bb4 11. a3 Bxc3 12. Qxc3 Qxc3 13. Bxc3 O-O-O 14. Bd2 Nf8 15. Be3 Nd5 16. Bg5 Rd7 17. c4 Nc7 {1-0 (74) Duda,J (2678)-Munoz Pantoja,M (2471) Barcelona 2016}) 9... e6 10. Be2 Be7 $146 ({Predecessor:} 10... Qb6 11. O-O-O Qxd4 12. Be3 Qe5 13. Bf4 Qc5 14. Rd3 Be7 15. Rhd1 Rd8 16. Kb1 Rc8 17. Bg5 Rg8 18. Rxd7 Nxd7 19. Ne4 Qb4 20. Bxe7 Kxe7 21. Qh4+ Nf6 22. Rd7+ {1-0 (22) Bauer,M-Meyer,M Germany 1995}) 11. Bf3 {[#] Hoping for Nd5.White is slightly better.} Qf5 12. O-O-O O-O 13. h4 Rfd8 14. Rhe1 Nb6 (14... Rac8 $14) 15. Re5 $36 {[%mdl 2048] White is really pushing.} Bd6 (15... Qg6 $16 {is a better defense.}) 16. Rxf5 $18 Bxg3 17. Rxf6 $1 gxf6 18. fxg3 {White has a decisive advantage.} Rxd4 19. Ne4 f5 20. Nf6+ Kh8 21. Re1 {Precision: White = 64%, Black = 28%.} 1-0

[Event "Bergamo Open 2017"]
[Site "Bergamo"]
[Date "2017.07.14"]
[Round "5"]
[White "Kuljasevic, Davorin"]
[Black "Lain, Luigi"]
[Result "1/2-1/2"]
[WhiteElo "2546"]
[BlackElo "2225"]
[Annotator "TA"]
[PlyCount "68"]
[EventDate "2017.??.??"]
[EventCountry "ITA"]
[SourceTitle "playchess.com"]
[Source "ChessBase"]
[SourceQuality "1"]

{[%evp 17,68,48,54,36,30,27,77,69,102,81,86,85,130,124,127,115,133,70,70,66,79,71,83,84,71,29,41,37,108,95,87,87,82,44,43,44,53,16,86,0,0,0,0,0,0,0,22,0,0,0,40,0,0]} 1. d4 Nf6 2. c4 e6 3. Nc3 Bb4 4. Qc2 O-O 5. Nf3 b6 6. e4 Bb7 7. Bd3 Bxc3+ 8. bxc3 h6 9. O-O d6 $1 10. Nd2 {E32: Nimzo-Indian: Classical (4 Qc2): 4...0-0} e5 11. f4 Nfd7 $146 ({Predecessor:} 11... c5 12. Nf3 exd4 13. cxd4 cxd4 14. Ba3 Re8 15. Rae1 Nc6 16. Qb2 Rc8 17. Nxd4 Ne5 18. fxe5 dxe5 19. Nf5 {½-½ (19) Khalifman,A (2660)-Grigoriants,S (2550) Moscow 2006}) 12. Ba3 {White is better.} c5 13. fxe5 dxe5 14. d5 Nf6 {[%cal Bd7f6,Bf6e8,Be8d6][%mdl 32]} 15. Nf3 Nbd7 16. Bc1 Ne8 {[#]} 17. Be3 (17. Qf2 $1 $16) 17... Nd6 $14 18. Nd2 f6 19. Rf3 Rf7 20. Raf1 Nf8 21. Rg3 {Strongly threatening Bxh6.} g5 $1 22. Qd1 Rc8 (22... Ng6 $14) 23. Qh5 Rh7 24. Rgf3 Ne8 25. Bc2 {And now Ba4 would win.} Rcc7 $1 26. R3f2 Bc8 27. Ba4 (27. a4 {is interesting.} Rcf7 28. Ra1 Rfg7 29. Kh1 Ng6 30. g3) 27... Bd7 (27... Ng7 $11 {keeps the balance.} 28. Qd1 Rf7) 28. Qd1 (28. Bd1 $16) 28... Bxa4 $11 29. Qxa4 Rcf7 30. Rb1 Nd6 31. Qc2 Nd7 32. Qa4 Nf8 33. Qc2 Nd7 34. Qa4 Nf8 {Precision: White = 60%, Black = 40%.} 1/2-1/2

[Event "Bergamo Open 2017"]
[Site "Bergamo"]
[Date "2017.07.14"]
[Round "5"]
[White "Godena, Michele"]
[Black "Rambaldi, Francesco"]
[Result "1/2-1/2"]
[WhiteElo "2511"]
[BlackElo "2568"]
[Annotator "TA"]
[PlyCount "58"]
[EventDate "2017.??.??"]
[EventCountry "ITA"]
[SourceTitle "playchess.com"]
[Source "ChessBase"]
[SourceQuality "1"]

{[%evp 14,58,11,3,0,8,11,10,11,12,14,14,10,9,9,5,18,7,20,13,18,0,0,0,0,0,0,0,0,0,0,0,17,0,0,0,17,17,44,30,58,43,53,66,155,164,263]} 1. e4 c6 2. d4 d5 3. exd5 cxd5 4. Bd3 Nc6 5. c3 Nf6 6. h3 g6 7. Nf3 Bf5 8. O-O {[%cal Bh1f1,Bf1e1,Be1e2][%mdl 32]} Bxd3 {B13: Caro-Kann: Exchange Variation and Panov-Botvinnik Attack} 9. Qxd3 Bg7 (9... e6 10. Bf4 Bd6 11. Bh6 Bf8 12. Qe3 Bxh6 13. Qxh6 Ng8 14. Qf4 Qf6 15. Qh2 Nge7 16. Nbd2 {0-1 (41) Zvjaginsev,V (2679)-Fridman,D (2594) Caleta 2017}) 10. Bf4 O-O {The position is equal.} 11. Nbd2 {[%cal Bb1d2,Bd2b3,Bb3c5][%mdl 32]} e6 12. Rfe1 Nd7 13. Nb3 $146 ({Predecessor:} 13. Qe3 b5 14. a3 Qb6 15. Ne5 Ncxe5 16. dxe5 Qxe3 17. Rxe3 {0-1 (55) Borozdinskaya,E-Kutueva,N (1969) Rybinsk 2010}) 13... a6 14. Qd2 Re8 15. Re2 Nf6 16. Bg5 Qc7 17. Bxf6 Bxf6 18. Nc5 Na5 {[%cal Bc6a5,Ba5c4,Bc4d6,Bd6e4][%mdl 32]} 19. Nd3 Nc4 20. Qc2 Bg7 21. Rae1 Nd6 22. h4 Rac8 23. g3 (23. h5 $5) 23... Ne4 {[#] Hoping for ...Nxg3!} 24. Kg2 Bh6 25. Qd1 f6 26. a3 Kf7 27. Nh2 (27. h5 $5) 27... Re7 28. h5 Rg8 ({Black should try} 28... Bg7 $14) 29. Ng4 $16 Bf8 {[%mdl 32768] Precision: White = 67%, Black = 46%. . An unexpected result.} (29... Bg7 $142) 1/2-1/2

[Event "Bergamo Open 2017"]
[Site "Bergamo"]
[Date "2017.07.14"]
[Round "5"]
[White "Manea, Alexandru"]
[Black "Gennari, Jacopo"]
[Result "1/2-1/2"]
[WhiteElo "2414"]
[BlackElo "2075"]
[Annotator "TA"]
[PlyCount "58"]
[EventDate "2017.??.??"]
[EventCountry "ITA"]
[SourceTitle "playchess.com"]
[Source "ChessBase"]
[SourceQuality "1"]

{[%evp 18,58,25,16,24,20,88,99,119,107,86,22,-7,26,76,64,91,89,127,91,133,98,137,110,127,109,150,146,148,21,15,40,39,0,6,0,0,0,5,-21,-21,-109,-124]} 1. d4 Nf6 2. c4 g6 3. Nc3 Bg7 4. e4 d6 5. h3 O-O 6. Be3 Nbd7 7. g4 {E71: King's Indian: 4 e4 d6 5 h3} e5 8. d5 Nc5 9. Bg2 a5 10. Nge2 {LiveBook: 5 Games} h5 11. f3 $146 ({Predecessor:} 11. Qd2 hxg4 12. Ng3 c6 13. O-O-O cxd5 14. cxd5 a4 15. hxg4 Nxg4 16. Bxc5 dxc5 {½-½ (46) Zablotsky,S (2500)-Fedorov,A (2611) Voronezh 2007}) 11... Ne8 (11... Nfd7 $11) 12. Qd2 $16 f5 13. exf5 gxf5 14. Bg5 ({Much worse is} 14. gxh5 Qh4+ 15. Bf2 Qxh5 $15) (14. O-O-O $16) 14... Bf6 $11 15. Bxf6 Qxf6 16. g5 $36 {[%mdl 2048] Black is under pressure.} ({Worse is} 16. gxh5 Qh4+ 17. Kd1 f4 $17) 16... Qg6 17. f4 Ng7 18. O-O-O Bd7 19. Qe3 e4 20. Nd4 Rfc8 21. Bf1 c6 22. Be2 Ne8 {[%cal Bg7e8,Be8c7,Bc7a6,Ba6b4][%mdl 32]} 23. Nb3 (23. Rhg1 $16) 23... Nxb3+ $1 24. axb3 {Threatens to win with Na4.} c5 $1 25. Kd2 Nc7 26. Ra1 Rcb8 27. Ra2 b6 28. Ke1 Na6 {Strongly threatening ...Nb4.} 29. Kf2 (29. Kd1 $11 {remains equal.}) 29... Nb4 {Precision: White = 54%, Black = 38%.} 1/2-1/2

[Event "Bergamo Open 2017"]
[Site "Bergamo"]
[Date "2017.07.14"]
[Round "5"]
[White "Haimovich, Tal"]
[Black "Paler, Adrian"]
[Result "1-0"]
[WhiteElo "2380"]
[BlackElo "2106"]
[Annotator "TA"]
[PlyCount "145"]
[EventDate "2017.??.??"]
[EventCountry "ITA"]
[SourceTitle "playchess.com"]
[Source "ChessBase"]
[SourceQuality "1"]

{[%evp 17,145,34,33,7,0,0,0,0,5,7,33,27,50,47,59,56,73,63,89,56,62,81,145,117,148,143,209,200,196,191,163,90,77,43,38,6,9,8,19,6,36,0,0,0,0,0,0,0,0,0,0,0,0,-20,-12,-24,0,-8,0,0,0,0,0,0,0,0,0,0,0,0,0,0,0,0,0,0,0,0,0,0,0,0,0,0,0,0,0,0,0,0,0,0,0,0,0,0,0,0,0,0,0,0,34,34,34,34,34,34,34,34,34,34,34,0,34,0,34,0,0,0,0,0,0,0,0,0,0,0,12850,12850]} 1. e4 c5 2. Nf3 d6 3. d4 cxd4 4. Nxd4 Nf6 5. Nc3 Bd7 6. Bc4 g6 7. Bg5 Bg7 8. O-O Nc6 9. Re1 O-O 10. Nd5 {B57: Classical Sicilian: Sozin with 6...Qb6} (10. Bb3 Na5 11. Qd2 Rc8 12. Rad1 Nxb3 13. axb3 Re8 14. b4 a6 15. Nb3 Bc6 16. Na5 Nd7 17. Nd5 Nb6 18. c3 Bxd5 19. exd5 {1-0 (57) Matikozian,A (2429)-Georgiev,V (2562) Los Angeles 2013}) 10... Nxd4 $146 ({Predecessor:} 10... Nxd5 11. exd5 Nxd4 12. Bxe7 Qc7 13. Bxf8 Kxf8 14. Bb3 Nxb3 15. cxb3 Bxb2 16. Rb1 Be5 17. Qf3 Qa5 18. Re2 Rc8 19. b4 Qb6 20. g3 Rc3 21. Qe4 Bf5 22. Qh4 Bxb1 {0-1 (22) Vega,J (2299)-Falcon,O Lima 2000}) 11. Bxf6 $1 ({Much weaker is} 11. Qxd4 Nxd5 12. Qxd5 Rc8 $17) 11... exf6 12. Qxd4 {The position is equal.} f5 13. Qd2 fxe4 (13... b5 $5 {[%cal Rb5c4]} 14. Bb3 fxe4 $11) 14. Rxe4 Be6 15. c3 Rc8 16. Bb3 Rc5 17. Rd1 h6 18. Nf4 Bxb3 19. axb3 Ra5 (19... a5 $142) 20. g3 Ra2 21. Nd5 Re8 (21... Qd7 $16 22. Nb4 Ra5 23. Qxd6 Qxd6 24. Rxd6 Rb5) 22. Rxe8+ $1 $18 Qxe8 {[#]} 23. Re1 $1 {[%cal Re1e8]} Qd7 {[#]} 24. Qe2 (24. Qf4 $1 $18 Kh7 25. g4) 24... h5 $16 25. Nb4 Ra5 26. Qe8+ Qxe8 27. Rxe8+ $11 {[%mdl 4096] Endgame KRB-KRN} Bf8 28. Nd3 Rd5 29. Nf4 Rd2 30. Re2 Rd1+ 31. Kg2 Bh6 32. Re7 Bxf4 33. gxf4 {KR-KR} Rd2 34. Rxb7 Rxb2 35. Kf3 (35. f5 $5) 35... a5 36. Rb5 Rc2 37. c4 a4 38. bxa4 Rc3+ 39. Ke2 Rxc4 40. a5 Rxf4 41. a6 Ra4 42. Rb6 d5 {[%cal Bd6d5,Bd5d4][%mdl 32]} 43. Kd3 Kg7 44. Kc3 d4+ 45. Kb3 Ra1 46. Kc4 Kh6 47. h4 ({Not} 47. Kxd4 Ra5 $18) (47. f4 $5 {[%cal Rc4d4]}) 47... Kg7 48. Kxd4 (48. f4 $5 {[%cal Rc4d4]} Ra4+ 49. Kb5 $11) 48... g5 49. hxg5 h4 $1 50. Rh6 {Black must now prevent Kc5.} (50. Ke4 $5 {[%cal Re4f3]} h3 51. Rh6 $11) 50... h3 51. Ke4 h2 52. Rxh2 {Strongly threatening Rh6.} Rxa6 53. Rg2 Ra4+ 54. Kf5 Ra2 55. Rh2 Rb2 56. Kf4 Rb4+ 57. Kg3 Rb5 58. f4 Rb3+ 59. Kg4 Rb1 60. Ra2 Rg1+ 61. Kf5 Rb1 62. Ra5 Re1 63. Ra7 {aiming for g6.} Rg1 64. Ra4 Rg2 65. Ke5 Rg1 (65... f6+ $5 66. gxf6+ Kf8 $14) 66. Re4 Rg2 67. Kd6 Rg1 68. Ke7 Rg4 69. Kd6 Rg1 70. Rd4 Rg2 71. Rd5 Rg1 72. Ke7 Rg4 $2 {[%mdl 8192]} (72... Re1+ $11 73. Re5 Ra1) 73. Rf5 {Precision: White = 58%, Black = 67%.} 1-0